|
|
|
|
| LEADER |
01670nam a2200337 a 4500 |
| 001 |
15066237 |
| 008 |
100621s2009 njua b 001 0 eng d |
| 010 |
|
|
|a 2007045347
|
| 020 |
|
|
|a 9780135009369
|
| 020 |
|
|
|a 0135009367
|
| 020 |
|
|
|a 9780136032601
|
| 020 |
|
|
|a 0136032605
|
| 040 |
|
|
|a DLC
|c DLC
|d YDX
|d BAKER
|d BTCTA
|d YDXCP
|d OCLCG
|d DLC
|
| 082 |
0 |
0 |
|a 519.5
|2 22
|
| 100 |
1 |
|
|a Berenson, Mark L.
|
| 245 |
1 |
0 |
|a Basic business statistics :
|b concepts and applications /
|c Mark L. Berenson, David M. Levine, Timothy C. Krehbiel.
|
| 250 |
|
|
|a 11th ed.
|
| 260 |
|
|
|a Upper Saddle River, N.J. :
|b Pearson Prentice Hall,
|c c2009.
|
| 300 |
|
|
|a 1013 p. :
|b ill. (some col.) ;
|c 29 cm.
|
| 504 |
|
|
|a Includes bibliographical references and index.
|
| 541 |
1 |
|
|e 00018499
|
| 650 |
|
0 |
|a Commercial statistics.
|
| 650 |
|
0 |
|a Statistics.
|
| 700 |
1 |
|
|a Levine, David M.,
|d 1946-
|
| 700 |
1 |
|
|a Krehbiel, Timothy C.
|
| 852 |
4 |
|
|a Ayesha Abed Library
|j General shelf
|
| 999 |
|
|
|c 9020
|d 9020
|
| 952 |
|
|
|0 0
|1 0
|2 ddc
|4 0
|6 519_500000000000000_BER_2009
|7 0
|9 11142
|a BRACUL
|b BRACUL
|c GEN
|d 2010-06-21
|l 23
|m 173
|o 519.5 BER
|p 3010018499
|r 2022-03-16
|s 2020-02-13
|t 1
|w 2010-06-21
|y BK
|
| 952 |
|
|
|0 0
|1 0
|2 ddc
|4 0
|6 519_500000000000000_BER_2009
|7 0
|9 11187
|a BRACUL
|b BRACUL
|c GEN
|d 2010-06-22
|l 19
|m 115
|o 519.5 BER
|p 3010018500
|r 2022-06-20
|s 2022-06-13
|t 2
|w 2010-06-22
|y BK
|
| 952 |
|
|
|0 0
|1 0
|2 ddc
|4 0
|6 519_500000000000000_BER_2009
|7 0
|9 11190
|a BRACUL
|b BRACUL
|c GEN
|d 2010-06-22
|l 10
|m 107
|o 519.5 BER
|p 3010018501
|r 2020-03-10
|s 2020-02-29
|t 3
|w 2010-06-22
|y BK
|
| 952 |
|
|
|0 0
|1 0
|2 ddc
|4 0
|6 519_500000000000000_BER_2009
|7 0
|9 11192
|a BRACUL
|b BRACUL
|c GEN
|d 2010-06-22
|l 23
|m 156
|o 519.5 BER
|p 3010018498
|r 2022-03-12
|s 2020-03-05
|t 4
|w 2010-06-22
|y BK
|